Studies in Philippians. (Record no. 5866)

000 -LEADER
fixed length control field 00643nam a2200193 a 4500
001 - CONTROL NUMBER
control field :::00003608$&:&@@
003 - CONTROL NUMBER IDENTIFIER
control field OkBaRHE
005 - DATE AND TIME OF LATEST TRANSACTION
control field 20000607103308.0
008 - FIXED-LENGTH DATA ELEMENTS--GENERAL INFORMATION
fixed length control field s1982 j 000 0 eng u
040 ## - CATALOGING SOURCE
Transcribing agency
100 1# - MAIN ENTRY--PERSONAL NAME
Personal name Moule, H. C. G. (Handley Carr Glyn), 1841-1920.
245 10 - TITLE STATEMENT
Title Studies in Philippians.
260 ## - PUBLICATION, DISTRIBUTION, ETC. (IMPRINT)
Place of publication, distribution, etc Grand Rapids, MI., :
Name of publisher, distributor, etc Kregel Publications
Date of publication, distribution, etc 1982
300 ## - PHYSICAL DESCRIPTION
Extent 136 p. ;
Dimensions 19 cm.
490 0# - SERIES STATEMENT
Series statement Kregel popular commentary series.
650 ## - SUBJECT ADDED ENTRY--TOPICAL TERM
Topical term or geographic name as entry element Bible New Testament Philippians
General subdivision Commentaries
942 ## - ADDED ENTRY ELEMENTS (KOHA)
Source of classification or shelving scheme
Koha item type Books
Copies
Shelving location Current Location Date checked out Not for loan Copy number Date last seen Total Renewals Withdrawn status Damaged status Lost status Barcode Full call number Total Checkouts Source of classification or shelving scheme Date acquired Koha item type Permanent Location Price effective from
General StacksRHEMA Bible Training College2019-03-07 12019-04-191   3608BS 2703 .M681 2010-04-14BooksRHEMA Bible Training College2010-04-14